Entry Personal Name
Number of records used in: 1
001 - CONTROL NUMBER
003 - CONTROL NUMBER IDENTIFIER
005 - DATE AND TIME OF LATEST TRANSACTION
- control field:
20210705110005.0
008 - FIXED-LENGTH DATA ELEMENTS
- fixed length control field:
791101n| azannaabn |a aaa
010 ## - LIBRARY OF CONGRESS CONTROL NUMBER
- LC control number:
n 79126576
035 ## - SYSTEM CONTROL NUMBER
- System control number:
(OCoLC)oca00358117
040 ## - CATALOGING SOURCE
- Original cataloging agency:
DLC
- Language of cataloging:
eng
- Description conventions:
rda
- Transcribing agency:
DLC
- Modifying agency:
DLC
- Modifying agency:
OCoLC
- Modifying agency:
InU
- Modifying agency:
UkOxU
046 ## - SPECIAL CODED DATES
- Birth date:
1947-04-28
- Source of date scheme:
edtf
100 1# - HEADING--PERSONAL NAME
- Personal name:
Shankar, Ramamurti
370 ## - ASSOCIATED PLACE
- Place of birth:
New Delhi (India)
- Other associated place:
Madras (India)
- Other associated place:
Berkeley (Calif.)
- Other associated place:
New Haven (Conn.)
- Source of term:
naf
374 ## - OCCUPATION
- Occupation:
College teachers
- Source of term:
lcsh
375 ## - GENDER
- Gender:
Males
- Source of term:
lcsh
377 ## - ASSOCIATED LANGUAGE
400 0# - SEE FROM TRACING--PERSONAL NAME
- Personal name:
Ramamurti Shankar
400 1# - SEE FROM TRACING--PERSONAL NAME
- Personal name:
Shankar, R.
- Fuller form of name:
(Ramamurti)
670 ## - SOURCE DATA FOUND
- Source citation:
His Principles of quantum mechanics, c1979:
- Information found:
title page (Ramamurti Shankar, Yale Univ.)
670 ## - SOURCE DATA FOUND
- Source citation:
Principles of quantum mechanics, c1994:
- Information found:
CIP title page (R. Shankar)
670 ## - SOURCE DATA FOUND
- Source citation:
Yale University CV page, June 11, 2016
- Information found:
(Ramamurti Shankar; Birth: April 28, 1947, New Delhi, India; Bachelor of Technology (Electrical Engg.), Indian Institute of Technology, Madras (1969); Ph.D. (Theoretical Physics), University of California, Berkeley (1974))
- Uniform Resource Identifier:
https://campuspress.yale.edu/rshankar/files/2016/04/CVFULL_APRIL-2016-12zy3yd.pdf
670 ## - SOURCE DATA FOUND
- Source citation:
Wikipedia, June 11, 2016
- Information found:
(Ramamurti Shankar; born April 28, 1947; is the John Randolph Huffman Professor of Physics at Yale University, in New Haven, Connecticut; researcher in theoretical condensed matter physics, although also known for his earlier work in theoretical particle physics)
- Uniform Resource Identifier:
https://en.wikipedia.org/wiki/Ramamurti_Shankar
670 ## - SOURCE DATA FOUND
- Source citation:
Fundamentals of physics. 1, Mechanics, relativity, and thermodynamics, 2019:
- Information found:
title page (R. Shankar)